[Event "Pau op"]
[Site "Pau"]
[Date "2009.02.28"]
[Round "9"]
[White "Rundstrom, Douglas"]
[Black "Fontana, Patrick"]
[Result "0-1"]
[WhiteElo "1885"]
[BlackElo "1640"]
[PlyCount "106"]
[EventDate "2009.02.24"]
[EventType "swiss"]
[EventRounds "9"]
[EventCountry "FRA"]
[SourceTitle "CBM 129 Extra"]
[Source "ChessBase"]
[SourceDate "2009.05.05"]
[SourceVersion "2"]
[SourceVersionDate "2009.05.20"]
[SourceQuality "1"]

1. d4 Nf6 2. c4 e6 3. Nf3 Bb4+ 4. Bd2 Bxd2+ 5. Nbxd2 d6 6. e3 Nc6 7. a3 a5 8. Bd3 0-0 9. Qc2 h6 10. 0-0 Bd7 11. Rac1 Qe7 12. Rfe1 Rfc8 13. e4 e5 14. d5 Nd8 15. c5 b5 16. c6 Bg4 17. Bxb5 Nh5 18. h3 Bxf3 19. Nxf3 Nf4 20. Bf1 Qf6 21. Re3 Qg6 22. Nh4 Qh5 23. Nf5 Kf8 24. Rg3 g5 25. Rg4 Qg6 26. h4 f6 27. hxg5 hxg5 28. g3 Qh5 29. f3 Ng6 30. Qc3 Nf7 31. Rc2 Ne7 32. Rh2 Qg6 33. Bd3 Nxf5 34. exf5 Qg7 35. f4 Nh6 36. Rxh6 Qxh6 37. fxe5 fxe5 38. Qd2 Kf7 39. Rh4 Qg7 40. Rh5 Kf6 41. g4 Rab8 42. Bc4 Rh8 43. Rxh8 Qxh8 44. Qe2 Qh4 45. Bd3 Rh8 46. Be4 Qg3+ 47. Bg2 Rh4 48. b4 axb4 49. axb4 Qh2+ 50. Kf1 Qf4+ 51. Qf2 Qxb4 52. Qa7 Qb1+ 53. Kf2 Qc2+ 0-1

[Event "Pau op"]
[Site "Pau"]
[Date "2009.02.24"]
[Round "1"]
[White "Serafimov, Tervel"]
[Black "Fontana, Patrick"]
[Result "1-0"]
[WhiteElo "2387"]
[BlackElo "1640"]
[PlyCount "41"]
[EventDate "2009.02.24"]
[EventType "swiss"]
[EventRounds "9"]
[EventCountry "FRA"]
[SourceTitle "CBM 129 Extra"]
[Source "ChessBase"]
[SourceDate "2009.05.05"]
[SourceVersion "2"]
[SourceVersionDate "2009.05.20"]
[SourceQuality "1"]

1. c4 Nf6 2. Nc3 e6 3. Nf3 Bb4 4. Qc2 Nc6 5. d4 d5 6. a3 Bxc3+ 7. bxc3 h6 8. e3 a6 9. a4 0-0 10. Be2 Re8 11. 0-0 Ne4 12. Ba3 Ng5 13. Nxg5 Qxg5 14. f4 Qg6 15. Qxg6 fxg6 16. Rf3 g5 17. fxg5 hxg5 18. Raf1 Bd7 19. Rf7 Rad8 20. Bh5 Kh7 21. Rxd7 1-0